| 000 | 01214nam0a2200313 4500 | ||
|---|---|---|---|
| 001 | RU\NLR\bibl\738423 | ||
| 005 | 20260405081237.0 | ||
| 010 |
_a5-85907-305-4(3) _910000 |
||
| 021 |
_aRU _b2004-76696 _93781 |
||
| 035 | _a(NLR Aleph) 000728328 | ||
| 090 |
_a746587 _c746587 |
||
| 100 | _a20050322d2004 |||y0rusy50 ca | ||
| 101 | 0 | _arus | |
| 102 | _aRU | ||
| 105 | _aa ||||||||| | ||
| 200 | 1 |
_aРемонт двигателей "Жигулей" _fРосс Твег |
|
| 205 | _a2-е изд., перераб. и доп. | ||
| 210 |
_aМосква _cЗа рулем _d2004 |
||
| 215 |
_a110, [1] с. _cил. _d20 |
||
| 606 | 0 |
_aАвтомобильные двигатели ВАЗ _jРуководства, пособия и т.п. _xРемонт _92163376 _3RU\NLR\auth\661301810 |
|
| 606 | 0 |
_aВАЗ, автомобильные двигатели _jРуководства, пособия и т.п. _xРемонт _92346606 _3RU\NLR\auth\661402274 |
|
| 686 | _aО353-083я7 | ||
| 700 | 1 |
_4070 _8rus _7ca _aТвег _bР. _gРосс _3RU\NLR\auth\7728226 _911257 |
|
| 801 | 0 |
_aRU _bNLR _c20040316 _gPSBO |
|
| 801 | 1 |
_aRU _bNLR _c20040316 |
|
| 942 | _cBOOK | ||
| 980 | _aNB | ||